000 00308nam a2200097Ia 4500
008 220120s9999||||xx |||||||||||||| ||und||
100 _aAnil S.P and others
_912495
245 0 _aMobile detecting alarming reporting system
260 _aCoorg Institute of Technology
_bPonnampet
_c2008
650 _aCOMPUTER SCIENCE
999 _c138093
_d138093